000 00293nam a22001097a 4500
008 170112b xxu||||| |||| 00| 0 eng d
020 _a9780803618275
041 _aeng
080 _24TH
_a618.2
245 _aADVANCING YOUR CAREER/ CONCEPTS OF PROFESSIONAL NURSING
_cNUNNERY, R.K
942 _2udc
_cBK
999 _c2825
_d2825